000 01078pam a2200313 i 4500
999 _c2088
_d2088
001 1271582
003 OSt
005 20220919151243.0
008 750430r1975 nyu b 001 0 eng
010 _a 75014364
020 _a0387901256
040 _aDLC
_cDLC
_dDLC
050 0 0 _b.K4 1975
082 0 0 _a514.3 KEL 1995
100 1 _aKelley, John L.
_95413
245 1 0 _aGeneral Topology
260 _aNew York :
_bSpringer-Verlag,
_c1995.
300 _axiv, 298 p. ;
_c24 cm.
440 0 _aGraduate texts in mathematics ;
_v27
_95414
500 _aReprint of the ed. published by Van Nostrand, New York in The University series in higher mathematics.
500 _aIncludes index.
504 _aBibliography: p. 282-291.
650 0 _aTopology.
_95415
650 0 _aMathematics
_9810
856 4 2 _3Publisher description
_uhttp://www.loc.gov/catdir/enhancements/fy0814/75014364-d.html
856 4 1 _3Table of contents only
_uhttp://www.loc.gov/catdir/enhancements/fy0814/75014364-t.html
906 _a7
_bcbc
_corignew
_d1
_eocip
_f19
_gy-gencatlg
942 _2ddc
_cSLOAN